DEAD BY DAYLIGHT - dopasuj ocalałego do zdjęcia - Statystyki

Ogólne statystyki
  • Ten quiz został rozwiązany 28 razy
  • Średni wynik to 13 z 24
Statystyki odpowiedzi
Obrazkowy Odpowiedź % Poprawnych
MEG THOMAS
90%
ADA WONG
86%
LARA CROFT
81%
NICOLAS CAGE
81%
LEON KENNEDY
71%
ALAN WAKE
67%
SABLE WARD
67%
FENG MIN
57%
JILL VALENTINE
57%
NANCY WHEELER
57%
REBECCA CHAMBERS
57%
CLAUDETTE MOREL
52%
VITTORIO TOSCANO
52%
GABRIEL SOMA
48%
DWIGHT FAIRFIELD
43%
FELIX RICHTER
43%
HADDIE KAUR
43%
ZARINA KASSIR
43%
AESTRI YAZAR
38%
ELODIE RAKOTO
38%
KATE DENSON
38%
MIKAELA REID
38%
QUENTIN SMITH
38%
RENATO LYRA
38%
Nie znaleziono quizów pasujących do podanych kryteriów
Rozkład punktacji
Procent ludzi z każdym wynikiem
Percentyl według liczby udzielonych odpowiedzi
Twoja historia wyników
Nie rozwiązałeś tego quizu